Normal view
MARC view
Entry Topical Term
001 - CONTROL NUMBER
- control field: 246721
003 - CONTROL NUMBER IDENTIFIER
- control field: OSt
005 - DATE AND TIME OF LATEST TRANSACTION
- control field: 20251124125815.0
008 - FIXED-LENGTH DATA ELEMENTS
- fixed length control field: 251124|| aca||aabn | a|a d
040 ## - CATALOGING SOURCE
- Original cataloging agency: OSt
- Transcribing agency: OSt
150 ## - HEADING--TOPICAL TERM
- Topical term or geographic name entry element: Intrusion detection result
670 ## - SOURCE DATA FOUND
- Source citation: Work cat.: (OSt)185002: Adriaans, Pieter. 246718, Data mining /, 2002